Distributed systems /

Gespeichert in:
Bibliographische Detailangaben
Weitere Verfasser: Mullender, Sape (Zusammenstellung)
Format: Buch
Sprache:Englisch
Veröffentlicht: New York : Association for Computing Machinery, 1989
Tags: Tag hinzufügen
Keine Tags, Fügen Sie das erste Tag hinzu!

MARC

LEADER 00000nam a22000003a 4500
001 stu889
005 20150617225618.0
008 911218s1989----xxu-----------------eng-d
040 |a STU  |b slo 
041 0 |a eng 
044 |a xxu 
080 |a 681.324 
100 1 |a Mullender, Sape  |4 com 
245 1 |a Distributed systems /  |c edit. Mullender,Sape 
260 |a New York :  |b Association for Computing Machinery,  |c 1989 
300 |a 458 s 
996 |c I*18PD4578  |l I  |s A  |a 24  |w stu889_0001